01355nam a22001457a 4500003000400000020001800004082001700022100002100039245002400060250000900084260002900093300000800122650002400130653105500154SGT a9789332555099 a658.8342 SCH aSCHIFFMAN,LEON G aCONSUMER BEHAVIOUR  a11TH aNEW DELHIbPEARSONc2016 a508 aCONSUMER BEHAVIOUR  aPART I: CONSUMERS, MARKETERS, AND TECHNOLOGY Chapter 1: Technology-Driven Consumer Behavior Chapter 2: Segmentation, Targeting, and Positioning PART II: THE CONSUMER AS AN INDIVIDUAL Chapter 3: Consumer Motivation and Personality Chapter 4: Consumer Perception Chapter 5: Consumer Learning Chapter 6: Consumer Attitude Formation and Change PART III: COMMUNICATION AND CONSUMER BEHAVIOR Chapter 7: Persuading Consumers Chapter 8: From Print and Broadcast Advertising to Social and Mobile Media Chapter 9: Reference Groups and Word-of-Mouth PART IV: CONSUMERS IN THEIR SOCIAL AND CULTURAL SETTINGS Chapter 10: The Family and Its Social Standing Chapter 11: Culture's Influence on Consumer Behavior Chapter 12: Subcultures and Consumer Behavior Chapter 13: Cross-Cultural Consumer Behavior: An International Perspective PART V: CONSUMER DECISION-MAKING, MARKETING ETHICS, AND CONSUMER RESEARCH Chapter 14: Consumer Decision-Making and Diffusion of Innovations Chapter 15: Marketing Ethics and Social Responsibility Chapter 16: Consumer Research